| 000 | 00975nam0a2200265 4500 | ||
|---|---|---|---|
| 001 | RU\NLR\BIBL_A\022688997 | ||
| 005 | 20251221045546.0 | ||
| 035 | _a(NLR Aleph) 022688997 | ||
| 090 |
_a13505963 _c13505963 |
||
| 100 | _a20251216d1963 m y0rusy50 ca | ||
| 101 | 0 | _alit | |
| 102 | _aLT | ||
| 105 | _ay z 000yy | ||
| 181 | 0 |
_ai _baxxe |
|
| 182 | 0 | _an | |
| 200 | 1 |
_aKą reikia žinoti apie valstybinę 3% vidaus išlošiamąją paskolą _fTSRS finansų ministerija. Vyriausioji Valstybinių darbo taupomųjų kasų ir Valstybinio kredito valdyba |
|
| 203 |
_aТекст _bвизуальный _cнепосредственный |
||
| 210 |
_aVilnius _cLaikraščių ir žurnalų leidykla _d1963 |
||
| 215 |
_a20,[3] p. _d14 |
||
| 541 | 1 |
_aЧто нужно знать о 3% внутреннем выигрышном займе _zrus |
|
| 606 | 1 |
_aЗаймы _9987719 _3RU\NLR\AUTH\6654601 |
|
| 686 | 1 | _aУ9(2)261.636 | |
| 942 | _cBOOK | ||
| 980 | _aNB | ||